| 000 | 00983nmm a2200277 a 4500 | ||
|---|---|---|---|
| 003 | AR-BaBNM | ||
| 005 | 20251128204903.0 | ||
| 008 | 303119s1980 ||||||||||||||000 | spa|| | ||
| 020 | _a84-214-0239-0 | ||
| 040 | _cAR-BaBNM | ||
| 245 | 1 | 0 |
_aHistoria gráfica de la II Guerra Mundial _bla victoria |
| 260 |
_aBarcelona _bAura _c1980 |
||
| 300 |
_a220 p. _bil. |
||
| 500 | _aIndice de Organismos, Agencias de Prensa, Editores y Peridodistas que facilitaron el material para la obra en p. 216 | ||
| 520 | _aComprende desde el día D en Europa hasta la rendición incondicional del Japón | ||
| 650 | 4 | _aHISTORIA CONTEMPORANEA | |
| 650 | 4 | _aSEGUNDA GUERRA MUNDIAL | |
| 650 | 4 | _aSIGLO VEINTE | |
| 650 | 4 | _aSEGUNDA GUERRA MUNDIAL | |
| 700 | 1 |
_aRothberg, Abraham _ecomentarios |
|
| 700 | 1 |
_aFredericks, Pierce G. _eselección fotográfica |
|
| 700 | 1 |
_aO'Keefe, Michael _eselección fotográfica |
|
| 700 | 1 |
_ade la Torre, Jesús _etraductor |
|
| 942 | _cBK | ||
| 998 | _cJacobzon | ||
| 999 |
_c9205 _d9205 |
||